Normal view MARC view

Entry Personal Name

Number of records used in: 1

001 - CONTROL NUMBER

  • control field: 55250

003 - CONTROL NUMBER IDENTIFIER

  • control field: dpl

005 - DATE AND TIME OF LATEST TRANSACTION

  • control field: 20130227102606.0

008 - FIXED-LENGTH DATA ELEMENTS

  • fixed length control field: 130227|||a|||||| | ||| d

040 ## - CATALOGING SOURCE

  • Original cataloging agency: dpl
  • Transcribing agency: dpl

100 ## - HEADING--PERSONAL NAME

  • Personal name: Bryon, Mike

670 ## - SOURCE DATA FOUND

  • Source citation: Work cat.: (dpl)61115: Bryon, Mike, The verbal reasoning test workbook :, 2010

670 ## - SOURCE DATA FOUND

  • Source citation: Work cat.: (dpl)61115: Bryon, Mike, The verbal reasoning test workbook :, 2010

© Delhi Public Library
Hit Counter
free hit counter